000 00894nam a2200289 a 4500
001 000046790
003 DO-SdBNP
005 20240302073951.0
007 ta
008 081127s2014 dr a 000 0 spa d
020 _a9789945468472
040 _aDO-SdBNP
_bspa
_cBNPHU
082 _axxx
_bC343p
_222
100 1 _aCassá, Roberto,
_d1948-
_910888
245 1 0 _aPedro Santana :
_bautócrata y anexionista /
_cRoberto Cassá ; ilustraciones José Mercader.
250 _a3a. ed.
260 _aSanto Domingo :
_bTobogán,
_c2014
_fEditora Alfa & Omega
300 _a58 p. :
_bil. ;
_c21 cm.
490 0 _aBiografías dominicanas Tobogán ;
500 _aincluye datos biografícos.
504 _aBiografía: p. 55
590 _aInventariado, 2018/ YL
700 1 _aMercader, José
_eil.
_956560
830 0 _aBiografías dominicanas Tobogán
_9769
910 _aYL
942 _2ddc
_cLBS1
999 _c46279
_d46279